000 00358nam a2200133Ia 4500
008 220217s9999||||xx |||||||||||||| ||und||
020 _a978-81-2614-369-6
082 _a005.133 HAR
100 _aGupta, Harish
245 0 _aProgramming in java
260 _aAnmol
_bNew Delhi
_c2010
300 _aVII,280p.;28cm
_b295
650 _aPROGRAMMING LANGUAGE
999 _c181192
_d181192